000 005520000a22001810004500
003 MACL
005 20160331163042.0
008 160331b xxu||||| |||| 00| 0 eng d
040 _aMACL
_cMACL
041 _aHindi
082 _a333
100 _aगोयल हरीश्‍ा
_949413
245 _aपर्यावरण की कहानियां
260 _aनई दिल्‍ली
_bचिन्‍तन प्रकाशन
_c2011
350 _a175
650 _aपर्यावरण
_936465
942 _cHIN
_k333
_2ddc
999 _c47985
_d47985